Trends in enzymology : proceedings of the FEBS Special Meeting on Enzymes, Cavtat, Dubrovnik, 1979 /

Bibliographic Details
Corporate Author: FEBS Special Meeting on Enzymes, Cavtat Croatia and Dubrovnik, Yugoslavia
Other Authors: Mildner, P.
Format: Conference Proceeding Book
Language:English
Published: Oxford ; New York : Pergamon Press, 1980.
Edition:1st ed.
Series:FEBS symposium ; v. 60-61.
Subjects:

MARC

Tag First Indicator Second Indicator Subfields
LEADER 00000cam a22000008i 4500
001 in00000061653
005 20151008050558.0
008 791226s1980 enka b 10110 eng
010 |a  79042743  
015 |a GB80 
020 |a 0080244173 :  |c 45.00 ($100.00) 
020 |a 0080244181 (pbk.) :  |c 30.00 ($60.00) 
035 |a (OCoLC)05889819 
035 |9 AAG1905AM 
040 |a DLC  |c DLC  |d CHS  |d TXA  |d UtOrBLW 
049 |a TXAM  |v 1 [1497355]  |v 2 [1497356] 
050 0 0 |a QP601  |b .F15 1979 
082 0 |a 574.19/25 
096 |a QU 4 F293p v.60-61 1980 
111 2 |a FEBS Special Meeting on Enzymes, Cavtat  |d (1979 :  |c Croatia and Dubrovnik, Yugoslavia) 
245 1 0 |a Trends in enzymology :  |b proceedings of the FEBS Special Meeting on Enzymes, Cavtat, Dubrovnik, 1979 /  |c [general editor, P. Mildner]. 
250 |a 1st ed. 
263 |a 8001 
264 1 |a Oxford ;  |a New York :  |b Pergamon Press,  |c 1980. 
300 |a 2 volumes :  |b illustrations ;  |c 24 cm. 
336 |a text  |b txt  |2 rdacontent 
337 |a unmediated  |b n  |2 rdamedia 
338 |a volume  |b nc  |2 rdacarrier 
490 1 |a [FEBS meeting] ; v. 60-61 
504 |a Includes bibliographies and indexes. 
505 0 |a v. 1. Enzyme regulation and mechanism of action.--v. 2. Industrial and clinical enzymology. 
650 0 |a Enzymes  |v Congresses. 
650 0 |a Clinical enzymology  |x Congresses. 
650 0 |a Enzymes  |x Industrial applications  |v Congresses. 
650 2 |a Enzymes  |x congresses. 
700 1 |a Mildner, P. 
830 0 |a FEBS symposium ;  |v v. 60-61. 
999 |a MARS 
999 f f |s 0cf2c0e8-5501-3c0e-ac9c-f25e562e37df  |i c2b038d8-700b-30bf-86dc-8a72b6d0a827  |t 0 
952 f f |p ric  |a Texas A&M University  |b Rellis Campus  |c Joint Library Facility  |d Remote Storage  |t 0  |e QP601 .F15 1979  |h Library of Congress classification  |i unmediated -- volume  |k v.60  |m A14805026252 
952 f f |p ric  |a Texas A&M University  |b Rellis Campus  |c Joint Library Facility  |d Remote Storage  |t 0  |e QP601 .F15 1979  |h Library of Congress classification  |i unmediated -- volume  |k v.61  |m A14805026260 
998 f f |a QP601 .F15 1979  |s v.60-61  |t 0  |l Remote Storage